| 000 | 00855nam a2200205Ii 4500 | ||
|---|---|---|---|
| 003 | JO-AjNU | ||
| 008 | 230605s9999||||xx |||||||||||||| ||und|| | ||
| 040 |
_aJO-AjNU _bara _erda _cJO-AjNU |
||
| 041 | _aara | ||
| 050 | 1 | 4 | _aPJ6069.D39 2004 |
| 100 | 3 |
_aتاليف الداية ،محمد رضوان؛م.مشارك محمد جهاد جمل؛راجعه مازن جرادات, _eauthor _911302 |
|
| 245 | 0 | 0 | _aاللغة العربية ومهاراتها في المستوى الجامعي لغير المتخصصين |
| 250 | _aط1 | ||
| 264 | 3 | 1 | _aالعين:دار الكتاب الجامعي,2004 |
| 300 | _a497ص | ||
| 336 |
_atext _btxt _2rdacontent |
||
| 337 |
_aunmediated _bn _2rdamedia |
||
| 338 |
_avolume _bnc _2rdacarrier |
||
| 650 | 4 |
_aاللغة العربية-تعليم-مستوى الجامعي-مهارات اللغة العربية _911303 |
|
| 999 |
_aA2253 _c5821 _d5821 |
||